| 000 | 01087cam a2200325 a 4500 | ||
|---|---|---|---|
| 001 | 4984456 | ||
| 003 | GBCCL | ||
| 005 | 20241126110431.0 | ||
| 008 | 980202s1993 mnu b 000 0 eng | ||
| 010 | _a 98110232 | ||
| 020 |
_a1854242253 (pbk) : _c$7.95. |
||
| 035 | _a(DLC) 98110232 | ||
| 040 |
_aDLC _cDLC _dDLC |
||
| 043 | _ae-uk--- | ||
| 050 | 0 | 0 |
_aDA125.S57 _bG53 1993 |
| 082 | 0 | 0 |
_a305.8914 _a305.8914041 _221 _bGID |
| 100 | 1 |
_aGidoomal, Ram. _9362 |
|
| 245 | 1 | 0 |
_aSari n' Chips / _cRam Gidoomal with Mike Fearon. |
| 260 |
_aMinneapolis, MN : _bMacLaurin Institute, _c1993. |
||
| 300 |
_a160 p. ; _c20 cm. |
||
| 504 | _aIncludes bibliographical references (p. 157-158). | ||
| 650 | 0 |
_aSouth Asians _zGreat Britain _xSocial conditions. _95292 |
|
| 650 | 0 |
_aImmigrants _zGreat Britain. _95293 |
|
| 651 | 0 |
_aGreat Britain _xEthnic relations. _95294 |
|
| 651 | 0 |
_aGreat Britain _xRace relations. _95295 |
|
| 700 | 1 |
_aFearon, Mike. _9367 |
|
| 906 |
_a7 _bcbc _corignew _d3 _encip _f19 _gy-gencatlg |
||
| 942 |
_2ddc _cBK |
||
| 999 |
_c2539 _d2539 |
||